000 00346nam a22001457a 4500
020 _qPB.
040 _cFIZZA ISHAQ
082 _a624.171
_bSUI
100 _aLAW,SEONG SUI.
_989644
245 _aDAMAGE MODELS AND ALGORITHMS /
_cSUI SEONG LAW.
250 _a1st ED.
260 _aLONDON ;
_bCRC,
_c2009.
300 _a313 P. ;
942 _2ddc
_cBK
999 _c588278
_d588278